| 000 | 00771cam a2200193 4500 | ||
|---|---|---|---|
| 001 | WB3730-36 | ||
| 008 | 010731n2001 000 0 eng u | ||
| 035 | _a(Sirsi) u113868 | ||
| 245 | _aBlair faces split over GM foods | ||
| 260 | _c2001 | ||
| 490 |
_aScotsman _v 30 July 2001, 1(1) |
||
| 520 | _aTony Blair may have to delay introducing the commercial growing of GM crops by up to 10 years as the public are still reluctant to accept such 'Frankenstein foods'. Ministers fear that the government could suffer loss of support at the next general electin over the issue of GM crops. | ||
| 590 | _aWB | ||
| 650 | _aGENETICALLY MODIFIED CROPS | ||
| 650 |
_aEnvironment _96238 |
||
| 650 | _aPUBLIC OPINION | ||
| 690 | _aRURAL-AGRICULTURE AND FORESTRY | ||
| 942 | _n0 | ||
| 999 |
_c67843 _d67843 |
||